000 00374nam a22001457a 4500
003 macl
005 20200707155937.0
008 200707b xxu||||| |||| 00| 0 eng d
040 _cmacl
100 _aBhatt, R K
_978882
245 _aFundamentals of Social and Library Consortia
260 _aDelhi
_bK K PUB
_c2018
650 _aSocial Science
_978883
942 _2ddc
_cBK
999 _c62580
_d62580